Ч. 3: Неопределенный интеграл. Определенный интеграл. Кратные, криволинейные и поверхностные интегралы. Векторное поле; Высшая математика

Bibliographische Detailangaben
Parent link:Терехина, Людмила Ивановна. Высшая математика: учебное пособие/ Л. И. Терехина, И. И. Фикс. Ч. 3: Неопределенный интеграл. Определенный интеграл. Кратные, криволинейные и поверхностные интегралы. Векторное поле.— .— Томск: Изд-во Томского ун-та, 2003-
1. Verfasser: Терехина Л. И. Людмила Ивановна
Weitere Verfasser: Фикс И. И. Иван Иванович
Sprache:Russisch
Veröffentlicht: 2003
Schlagworte:
Format: MixedMaterials Buch
KOHA link:https://koha.lib.tpu.ru/cgi-bin/koha/opac-detail.pl?biblionumber=54016

MARC

LEADER 00000nam2a2200000 4500
001 54016
005 20250418145441.0
035 |a (RuTPU)RU\TPU\book\56623 
090 |a 54016 
100 |a 20030627d2003 m y0rusy50 ca 
101 0 |a rus 
102 |a RU 
105 |a a j 000zy 
200 0 |a Ч. 3: Неопределенный интеграл. Определенный интеграл. Кратные, криволинейные и поверхностные интегралы. Векторное поле 
210 |d 2003 
215 |a 252 с.  |c ил. 
451 1 |0 (RuTPU)RU\TPU\book\69856  |t Ч. 3. Неопределенный интеграл. Определенный интеграл. Кратные, криволинейные и поверхностные интегралы. Векторное поле  |d 2004  |d 2002  |p 252 с. 
451 1 |0 (RuTPU)RU\TPU\book\43355  |t Ч. 3: Неопределенный интеграл. Определенный интеграл. Кратные, криволинейные и поверхностные интегралы. Векторное поле  |p 256 с. 
461 1 |0 59591  |9 59591  |a Терехина, Людмила Ивановна  |t Высшая математика  |o учебное пособие  |f Л. И. Терехина, И. И. Фикс  |c Томск  |n Изд-во Томского ун-та  |d 2003-  |v Ч. 3: Неопределенный интеграл. Определенный интеграл. Кратные, криволинейные и поверхностные интегралы. Векторное поле 
610 1 |a математика 
610 1 |a высшая математика 
610 1 |a неопределенные интегралы 
610 1 |a определенные интегралы 
610 1 |a кратные интегралы 
610 1 |a двойные интегралы 
610 1 |a тройные интегралы 
610 1 |a криволинейные интегралы 
610 1 |a поверхностные интегралы 
610 1 |a векторные величины 
610 1 |a циркуляция 
610 1 |a учебные пособия 
610 1 |a дистанционное обучение 
610 1 |a труды учёных ТПУ 
675 |a 51(075.8)  |v 3 
675 |a 517.3(075.8)  |v 3 
700 1 |a Терехина  |b Л. И.  |c математик  |c доцент Томского политехнического университета, кандидат физико-математических наук  |f 1954-  |g Людмила Ивановна  |9 12281 
701 1 |a Фикс  |b И. И.  |c математик  |c доцент Томского политехнического университета, кандидат технических наук  |f 1943-  |g Иван Иванович  |9 12282 
801 1 |a RU  |b 63413507  |c 20030627  |g PSBO 
801 2 |a RU  |b 63413507  |c 20030925  |g PSBO 
801 2 |a RU  |b 63413507  |c 20220919  |g PSBO 
850 |a 63413507 
942 |c BK